5HLuxD.jpg

KING HENRY VIII SENIOR AND PRIMARY SCHOOL LIBRARY OPAC

No, David! / (Record no. 4006)

000 -LEADER
fixed length control field 01401cam a2200313 4500
001 - CONTROL NUMBER
control field 613703
003 - CONTROL NUMBER IDENTIFIER
control field OCoLC
005 - DATE AND TIME OF LATEST TRANSACTION
control field 20241205114945.0
008 - FIXED-LENGTH DATA ELEMENTS--GENERAL INFORMATION
fixed length control field 181226r20001998nyua b 000 1 eng d
020 ## - INTERNATIONAL STANDARD BOOK NUMBER
International Standard Book Number 9780590930031
Qualifying information (pbk.)
035 ## - SYSTEM CONTROL NUMBER
System control number (OCoLC)45895371
Canceled/invalid control number (OCoLC)42811365
-- (OCoLC)874968332
-- (OCoLC)880954107
-- (OCoLC)927482645
040 ## - CATALOGING SOURCE
Original cataloging agency DVA
Language of cataloging eng
Transcribing agency DVA
Modifying agency OCL
-- OCLCQ
-- LEO
-- NTAUP
-- U9S
-- XY4
-- OCLCQ
-- GYG
-- PBE
-- VOV
-- OCLCF
-- TWTCL
-- MTU
-- TWNTU
-- KH8
041 0# - LANGUAGE CODE
Language code of text/sound track or separate title eng
042 ## - AUTHENTICATION CODE
Authentication code nbic
082 04 - DEWEY DECIMAL CLASSIFICATION NUMBER
Classification number 813.54 SHA
Edition number 21
100 1# - MAIN ENTRY--PERSONAL NAME
Personal name Shannon, David,
Dates associated with a name 1959-
Relator term illustrator,
-- author.
245 10 - TITLE STATEMENT
Title No, David! /
Statement of responsibility, etc. by David Shannon.
260 ## - PUBLICATION, DISTRIBUTION, ETC.
Place of publication, distribution, etc. New York :
Name of publisher, distributor, etc. Scholastic,
Date of publication, distribution, etc. c2000.
300 ## - PHYSICAL DESCRIPTION
Extent 1 volume (unpaged) :
Other physical details color illustrations ;
Dimensions 28 cm.
500 ## - GENERAL NOTE
General note "First Scholastic paperback printing, September 2000"--Title page verso.
500 ## - GENERAL NOTE
General note "This edition is only available for distribution through the school market."--Page 4 of cover.
500 ## - GENERAL NOTE
General note Art techniques used: Bright, bold, childlike paintings in watercolor and colored pencil.
520 ## - SUMMARY, ETC.
Summary, etc. A young boy is depicted doing a variety of naughty things for which he is repeatedly admonished, but finally he gets a hug.
521 8# - TARGET AUDIENCE NOTE
Target audience note 100L
Source Lexile.
650 #0 - SUBJECT ADDED ENTRY--TOPICAL TERM
Topical term or geographic name entry element Children
General subdivision Conduct of life
Form subdivision Juvenile fiction.
655 #7 - INDEX TERM--GENRE/FORM
Genre/form data or focus term Fiction.
Authority record control number or standard number (OCoLC)fst01423787
Source of term fast.
655 #7 - INDEX TERM--GENRE/FORM
Genre/form data or focus term Juvenile works.
Authority record control number or standard number (OCoLC)fst01411637
Source of term fast.
942 ## - ADDED ENTRY ELEMENTS (KOHA)
Source of classification or shelving scheme
Koha item type Books - Non Ficton
Holdings
Withdrawn status Lost status Source of classification or shelving scheme Damaged status Not for loan Collection code Permanent Location Current Location Shelving location Date acquired Total Checkouts Full call number Barcode Date last seen Date last checked out Price effective from Koha item type
          Non-Fiction KH8 Primary School Library KH8 Primary School Library Non Fiction 2024-12-05 7 813.54 SHA KHPL000004702 2026-02-24 2026-02-09 2024-12-05 Books - Non Ficton

Powered By KH8 IT Dept